00731nam a2200193 i 4500001000700000003000900007005001700016007000300033008004100036100003900077245011800116260004000234300003000274650002600304700003400330852003200364999001900396952012200415129073ES-MaACL20251218174733.0t|070605s1970 sp ||||1| spa d1 aTejerina Raygada, Mario S.910959810aEstudio de la toxoplasmosis humana adquirida / cpor Mario S. Tejerina Raygada ; prólogo Henrique Benaim Pinto. a[Madrid] : bPaz Montalvo, c[1970] a139 p. : bil. ; c21 cm.14aToxoplasmosis.9175750 aBenaim Pinto, Henrique927422 aES-MaACLjC-47551 bR.75440 c129073d129073 00104070aATENEOMbATENEOMcDEPO2d2008-01-17eSCl0oC-47551p1134414r2023-02-23 00:00:00w2023-02-23yMONOGRAFIA